000 00584nam a2200193Ia 4500
003 LDD
008 181029s9999 xx 000 0 und d
020 _a8185589437
_c595.00
040 _cLDD
100 _aTalapatra, Ashoke K.
245 0 _aModelling & Geochemical Exploration of Mineral Deposits
_cAshoke K. Talapatra
260 _aNew Delhi
_bCapital Publishing
_c2006
300 _axiv, 170p.
365 _b595.00
901 _a3733
_b25-01-2007
902 _a11530
_b09-02-2007
_cF
_dGBH
_e58
903 _aDiscount-10
_bReqst by : Jaswant Kokhi
942 _2ddc
_cBK
999 _c77785
_d77785